000
00252nam a2200109Ia 4500
999
_c
7955
_d
7955
020
_a
978-8183330084
100
_a
Ivan Bayross
245
0
_a
Web Enabled Commercial Applications Development
260
_a
india
_b
BPB
_c
1999
300
_a
1012
942
_c
BK